000 00557nam a2200193Ia 4500
005 20250326144859.0
008 250326s9999 xx 000 0 und d
020 _a81-85985-24-3
037 _aTextbook
040 _aFMSL
_beng
_cFMSL
041 _aeng
_2eng
084 _aX:89Q8 N3
_qFMSL
100 _aKanji G K
_9749005
245 0 _aTotal quality management process: systematic approach
_cKanji G K; Asher M
260 _aMadras
_bMadras, Productivity
_c1993
300 _a186p
942 _cTB
_hX:89Q8 N3
999 _c1305440
_d1305440